| 000 | 01063nam a2200229Ia 4500 | ||
|---|---|---|---|
| 999 |
_c40807 _d40807 |
||
| 001 | 7447 | ||
| 003 | GE_BSU | ||
| 005 | 20231213135815.0 | ||
| 008 | 181216s1974||||ge |||||||||||||| ||geo|| | ||
| 040 | _cGE_BSU | ||
| 041 | _ageo | ||
| 080 | _a821.353.1-32 დ-34 | ||
| 100 |
_aდემურხანაშვილი, სოლომონ _920671 |
||
| 245 |
_aნეტარ არიან მორწმუნენი : _bმოთხრობები / _cსოლომონ დემურხანაშვილი ; რედ. ც. ქაროსანიძე ; მხატვ. სპ. ცინცაძე. |
||
| 264 |
_aთბილისი : _bმერანი, _c1974. |
||
| 300 |
_a214 გვ. _b ილ. ; _c20 სმ. |
||
| 653 | _aმოთხრობები | ||
| 653 | _aნეტარ არიან მორწმუნენი | ||
| 700 |
_aქაროსანიძე, ც. _eრედაქტორი _93742 |
||
| 700 |
_aცინცაძე, სპ. _eმხატვარი _93670 |
||
| 942 |
_cBK _2udc |
||